[Event "Women's Speed Chess GP4"]
[Site "chess.com INT"]
[Date "2020.07.19"]
[Round "4.3"]
[White "Hou, Yifan"]
[Black "Khademalsharieh, Sarasadat"]
[Result "1-0"]
[WhiteTitle "GM"]
[BlackTitle "IM"]
[WhiteElo "2658"]
[BlackElo "2494"]
[WhiteFideId "8602980"]
[BlackFideId "12512214"]
[EventDate "2020.07.15"]
[EventType "k.o. blitz"]

1. e4 e5 2. Nf3 Nc6 3. Bc4 Bc5 4. O-O Nf6 5. d3 d6 6. c3 a6 7. a4 Ba7 8. Re1 h6
9. Nbd2 Ne7 10. d4 Ng6 11. Bb3 O-O 12. h3 Re8 13. Bc2 c6 14. Nf1 Nh5 15. Be3
Nhf4 16. Ng3 Qf6 17. a5 Nh4 18. Nxh4 Qxh4 19. dxe5 Bxe3 20. Rxe3 dxe5 21. Nf5
Bxf5 22. exf5 Rad8 23. Qe1 Qg5 24. g3 Nh5 25. h4 Qe7 26. Qe2 Nf6 27. Re1 Rd5 28.
b4 Qd7 29. Qf3 e4 30. Bxe4 Nxe4 31. Rxe4 Rxe4 32. Qxe4 Rxf5 33. Qe8+ Qxe8 34.
Rxe8+ Kh7 35. Re7 Rb5 36. Rxf7 Kg6 37. Rc7 Kf6 38. Kg2 g5 39. hxg5+ hxg5 40. Kf3
Ke6 41. Kg4 Kf6 42. Rd7 Ke6 43. Rg7 Kf6 44. Rh7 Kg6 45. Rd7 Kf6 46. Rd6+ Kf7 47.
f4 gxf4 48. gxf4 Ke7 49. Rh6 Kf7 50. f5 c5 51. Rb6 Rxb6 52. axb6 cxb4 53. cxb4
Kf6 54. Kf4 Ke7 55. Ke5 1-0

[Event "Women's Speed Chess GP4"]
[Site "chess.com INT"]
[Date "2020.07.19"]
[Round "4.4"]
[White "Khademalsharieh, Sarasadat"]
[Black "Hou, Yifan"]
[Result "0-1"]
[WhiteTitle "IM"]
[BlackTitle "GM"]
[WhiteElo "2494"]
[BlackElo "2658"]
[WhiteFideId "12512214"]
[BlackFideId "8602980"]
[EventDate "2020.07.15"]
[EventType "k.o. blitz"]

1. d4 Nf6 2. c4 e6 3. Nf3 b6 4. a3 Bb7 5. Nc3 g6 6. d5 Qe7 7. g3 Bg7 8. Bg2 O-O
9. O-O exd5 10. cxd5 c5 11. Nd2 d6 12. e4 Nbd7 13. a4 Ba6 14. Re1 Ne5 15. Nb5
Nd3 16. Re3 Nxc1 17. Rxc1 Bh6 18. f4 Nxd5 19. Re1 Nb4 20. Nc4 Rad8 21. Qb3 Bg7
22. Rcd1 Nc6 23. e5 Bxb5 24. Qxb5 Nd4 25. exd6 Qxe1+ 26. Rxe1 Nxb5 27. axb5 Rfe8
28. Ra1 Re2 29. Rxa7 Bd4+ 0-1

[Event "Women's Speed Chess GP4"]
[Site "chess.com INT"]
[Date "2020.07.19"]
[Round "4.5"]
[White "Hou, Yifan"]
[Black "Khademalsharieh, Sarasadat"]
[Result "1-0"]
[WhiteTitle "GM"]
[BlackTitle "IM"]
[WhiteElo "2658"]
[BlackElo "2494"]
[WhiteFideId "8602980"]
[BlackFideId "12512214"]
[EventDate "2020.07.15"]
[EventType "k.o. blitz"]

1. e4 e5 2. Nf3 Nc6 3. Bc4 Bc5 4. O-O Nf6 5. d3 a6 6. c3 d6 7. a4 Ba7 8. Re1 O-O
9. Nbd2 Ng4 10. Re2 Kh8 11. h3 Nh6 12. Nf1 f5 13. Bxh6 gxh6 14. exf5 Bxf5 15.
Bd5 Ne7 16. Bxb7 Rb8 17. Be4 Ng6 18. Bxf5 Rxf5 19. Rd2 Nf4 20. Ng3 Qg8 21. d4 e4
22. Nh4 Rg5 23. Nxe4 Rxg2+ 24. Kh1 Rg5 25. Nxg5 Qxg5 26. Qg4 Qd5+ 27. Qf3 Qg5
28. Qg4 Qd5+ 29. f3 Rf8 30. Rg1 Ne6 31. Rdg2 Ng5 32. f4 Ne6 33. Qf3 Qc4 34. Qe4
c5 35. Nf5 cxd4 36. Nxh6 dxc3 37. Rg8+ Rxg8 38. Rxg8# 1-0

[Event "Women's Speed Chess GP4"]
[Site "chess.com INT"]
[Date "2020.07.19"]
[Round "4.6"]
[White "Khademalsharieh, Sarasadat"]
[Black "Hou, Yifan"]
[Result "0-1"]
[WhiteTitle "IM"]
[BlackTitle "GM"]
[WhiteElo "2494"]
[BlackElo "2658"]
[WhiteFideId "12512214"]
[BlackFideId "8602980"]
[EventDate "2020.07.15"]
[EventType "k.o. blitz"]

1. d4 Nf6 2. c4 e6 3. Nf3 d5 4. Nc3 Bb4 5. Qa4+ Nc6 6. Bg5 h6 7. Bxf6 Qxf6 8.
cxd5 exd5 9. Rc1 O-O 10. e3 Rd8 11. a3 Bf8 12. Bd3 Bg4 13. Ne5 Nxe5 14. dxe5 Qg5
15. f4 Qh4+ 16. g3 Qh5 17. h3 Bc5 18. Kf2 Bf5 19. Be2 Qg6 20. Nb5 Qb6 21. Nd4
Be4 22. Rhd1 Bf8 23. b4 a5 24. b5 Rac8 25. Nb3 c5 26. Qxa5 Qg6 27. Nd2 Ra8 28.
Qc3 d4 29. Qb3 c4 30. Nxc4 dxe3+ 31. Qxe3 Bd5 32. Nd6 Bxd6 33. Rxd5 Bc7 34.
Rxd8+ Bxd8 35. Rc3 Bb6 0-1

[Event "Women's Speed Chess GP4"]
[Site "chess.com INT"]
[Date "2020.07.19"]
[Round "4.7"]
[White "Hou, Yifan"]
[Black "Khademalsharieh, Sarasadat"]
[Result "1-0"]
[WhiteTitle "GM"]
[BlackTitle "IM"]
[WhiteElo "2658"]
[BlackElo "2494"]
[WhiteFideId "8602980"]
[BlackFideId "12512214"]
[EventDate "2020.07.15"]
[EventType "k.o. blitz"]

1. e4 e5 2. Nf3 Nc6 3. Bc4 Bc5 4. O-O Nf6 5. d3 a6 6. c3 d6 7. a4 Ba7 8. Nbd2
O-O 9. h3 Ne7 10. Re1 Ng6 11. Nf1 c6 12. Bb3 d5 13. Ng3 Be6 14. Ng5 h6 15. Nxe6
fxe6 16. Be3 Nf4 17. Bxa7 Rxa7 18. exd5 cxd5 19. Rxe5 Nd7 20. Re3 Qf6 21. Qd2
Raa8 22. d4 Rac8 23. Rae1 Rc6 24. Bc2 Rb6 25. Bb1 Rc6 26. Qc2 Nb6 27. Rf3 Nxh3+
28. Kf1 Nf4 29. Nh5 Qh4 30. Qh7+ 1-0

[Event "Women's Speed Chess GP4"]
[Site "chess.com INT"]
[Date "2020.07.19"]
[Round "4.8"]
[White "Khademalsharieh, Sarasadat"]
[Black "Hou, Yifan"]
[Result "1/2-1/2"]
[WhiteTitle "IM"]
[BlackTitle "GM"]
[WhiteElo "2494"]
[BlackElo "2658"]
[WhiteFideId "12512214"]
[BlackFideId "8602980"]
[EventDate "2020.07.15"]
[EventType "k.o. blitz"]

1. d4 Nf6 2. c4 e6 3. Nf3 d5 4. Nc3 Bb4 5. Bg5 h6 6. Bxf6 Qxf6 7. Qb3 c5 8. a3
Bxc3+ 9. Qxc3 Nc6 10. e3 cxd4 11. exd4 dxc4 12. Bxc4 O-O 13. O-O Bd7 14. Ne5
Nxe5 15. dxe5 Qg5 16. f4 Qe7 17. Qb4 Qxb4 18. axb4 Rfc8 19. Bb3 Kf8 20. Rfd1 Ke7
21. Rd4 Bb5 22. Kf2 Rd8 23. Rad1 Rxd4 24. Rxd4 Rc8 25. Rd1 Rc6 26. Ke3 Rb6 27.
Rd4 Bc6 28. g4 Ra6 29. h4 Ra1 30. Rd1 Rxd1 31. Bxd1 b6 32. g5 hxg5 33. fxg5 g6
34. Be2 Kd7 35. Kf4 Ke7 36. Kg4 Be4 37. Kf4 Bc6 38. h5 gxh5 39. Bxh5 Be8 40. Bf3
Bb5 41. Be4 Kd7 42. Kg4 Ke7 43. Kh5 Kf8 44. Kh6 Bc4 45. g6 fxg6 46. Kxg6 Ke7 47.
Kg5 Bb3 48. Kf4 Bc4 49. Ke3 Bb5 50. Kd4 Kd7 51. Bg6 Bc6 52. Bd3 Bd5 53. Bb5+ Kc7
54. Bc4 Bxc4 55. Kxc4 Kc6 56. b5+ Kd7 57. Kd4 Ke7 58. Ke4 Kf7 59. Kf4 Kg6 60.
Kg4 Kh6 61. Kh4 Kg6 62. Kg4 Kh6 63. Kh4 Kg6 64. Kg4 1/2-1/2

[Event "Women's Speed Chess GP4"]
[Site "chess.com INT"]
[Date "2020.07.19"]
[Round "4.9"]
[White "Hou, Yifan"]
[Black "Khademalsharieh, Sarasadat"]
[Result "1-0"]
[WhiteTitle "GM"]
[BlackTitle "IM"]
[WhiteElo "2658"]
[BlackElo "2494"]
[WhiteFideId "8602980"]
[BlackFideId "12512214"]
[EventDate "2020.07.15"]
[EventType "k.o. blitz"]

1. e4 e5 2. Nf3 Nc6 3. Nc3 Nf6 4. Bb5 Nd4 5. Bc4 Bc5 6. d3 d6 7. Nxd4 Bxd4 8.
Ne2 Bb6 9. O-O O-O 10. h3 d5 11. exd5 Nxd5 12. Ng3 Nf4 13. Qf3 Ng6 14. Be3 c6
15. a4 Bc7 16. Bc5 Bd6 17. Bxd6 Qxd6 18. Nf5 Qc7 19. Rfe1 Nf4 20. Ne3 Be6 21.
Bxe6 Nxe6 22. Nc4 Nd4 23. Qd1 f6 24. c3 Ne6 25. d4 Rad8 26. Qb3 Kh8 27. Nxe5
fxe5 28. Qxe6 exd4 29. cxd4 Qf4 30. Qe3 Rxd4 31. Qxf4 Rdxf4 32. Re2 Rb4 33. a5
a6 34. g3 h5 35. Ra3 Rf5 36. h4 Rfb5 37. Re7 Rf5 38. Re2 Rbb5 39. Rd3 Rxa5 40.
Rd7 Rfe5 41. Rxe5 Rxe5 42. Rxb7 Rb5 43. Ra7 a5 44. Kg2 Kh7 45. Ra6 c5 46. Kf3 c4
47. Rc6 Rb3+ 48. Kg2 Rb4 49. Rc5 a4 50. Rxh5+ Kg6 51. Rc5 Kf6 52. g4 Ke6 53. h5
Kd6 54. Ra5 Rxb2 55. Rxa4 c3 56. Rc4 c2 57. g5 Kd5 58. Rc8 Kd4 59. h6 gxh6 60.
gxh6 Rb6 61. h7 Rg6+ 62. Kf3 Rf6+ 63. Kg2 Rh6 64. Rxc2 Rxh7 65. Re2 Kd5 66. Kg3
Rg7+ 67. Kf4 Rf7+ 68. Kg5 Kd6 69. f4 Rg7+ 70. Kf6 Rg8 71. Rd2+ Kc7 72. f5 Rf8+
73. Ke6 Re8+ 74. Kf7 1-0

[Event "Women's Speed Chess GP4"]
[Site "chess.com INT"]
[Date "2020.07.19"]
[Round "4.10"]
[White "Khademalsharieh, Sarasadat"]
[Black "Hou, Yifan"]
[Result "1/2-1/2"]
[WhiteTitle "IM"]
[BlackTitle "GM"]
[WhiteElo "2494"]
[BlackElo "2658"]
[WhiteFideId "12512214"]
[BlackFideId "8602980"]
[EventDate "2020.07.15"]
[EventType "k.o. blitz"]

1. Nf3 Nf6 2. e3 e6 3. c4 b6 4. b3 Bb7 5. Bb2 d5 6. Nc3 a6 7. cxd5 exd5 8. g3 d4
9. exd4 Nc6 10. Ne2 Nb4 11. Nf4 Qe7+ 12. Ne5 Bxh1 13. a3 Nc6 14. Bc4 Nxe5 15.
dxe5 Nd7 16. f3 Nxe5 17. Nd5 Qd6 18. Qe2 Bxf3 19. Qxe5+ Qxe5+ 20. Bxe5 Bxd5 21.
Bxd5 O-O-O 22. Bxf7 Kb7 23. Rc1 Rd7 24. Be6 Re7 25. Bd5+ Kc8 26. d4 g6 27. Kf1
Bg7 28. Bd6 Rd7 29. Be6 Kd8 30. Bxd7 cxd6 31. Be6 Bxd4 32. Rd1 Be5 33. Bc4 Rf8+
34. Kg2 b5 35. Be2 Kc7 36. a4 Kb6 37. axb5 axb5 38. Rd5 b4 39. Rb5+ Kc7 40. Rxb4
Rb8 41. Rc4+ Kd7 42. b4 d5 43. Rh4 h5 44. b5 d4 45. Re4 Kd6 46. Bd3 g5 47. Re2
Kd5 48. Rb2 Bc7 49. Rc2 Ba5 50. Rf2 Re8 51. Rf5+ Re5 52. Rf7 Re3 53. Rf5+ Re5
54. Rxe5+ Kxe5 55. h4 gxh4 56. gxh4 Kf6 57. Be2 Bb6 58. Bxh5 d3 59. Bd1 d2 60.
Kf3 Kg7 61. h5 Kh6 62. Ke4 Kg7 63. Kf5 Kh8 64. Ke4 Bc5 65. Kd3 Bb6 66. Kxd2 Bc5
67. Kd3 Bb6 68. Kc4 Be3 69. Bc2 Bf2 70. h6 Be3 71. h7 Bf2 72. Kd5 Be3 73. Ke4
Bf2 74. Kf3 Bd4 75. Ke4 1/2-1/2